Бунт по-русски: палачи и жертвы: рандеву с революцией 1905-1907 гг.

Bibliografiske detaljer
Hovedforfatter: Головков Г. З. Геннадий Захарович
Summary:Книга о первой русской революции 1905—1907 гг. — событиях страшных, а порой и диких. Среди документов и материалов есть известные, мно го лет трактуемые с определенных тенденциозных позиций. Автор приводит их объективно и беспристрастно под совершенно новым углом зрения. Использованы также и малоизвестные документы, и ранее в исторической литературе вообще не упоминаемые.
Sprog:russisk
Udgivet: Москва, Детектив - Пресс, 2005
Serier:Расследование издательства
Fag:
Format: Bog
KOHA link:https://koha.lib.tpu.ru/cgi-bin/koha/opac-detail.pl?biblionumber=98642

MARC

LEADER 00000nam0a2200000 4500
001 98642
005 20260213164948.0
010 |a 5899350709 
035 |a (RuTPU)RU\TPU\book\105750 
090 |a 98642 
100 |a 20060621d2005 km y0rusy50 ca 
101 0 |a rus 
102 |a RU 
105 |a y z 001zy 
200 1 |a Бунт по-русски: палачи и жертвы  |e рандеву с революцией 1905-1907 гг.  |f Г. З. Головков 
210 |a Москва  |c Детектив - Пресс  |d 2005 
215 |a 624 с. 
225 1 |a Расследование издательства 
320 |a Библиогр. в конце гл. 
330 |a Книга о первой русской революции 1905—1907 гг. — событиях страшных, а порой и диких. Среди документов и материалов есть известные, мно го лет трактуемые с определенных тенденциозных позиций. Автор приводит их объективно и беспристрастно под совершенно новым углом зрения. Использованы также и малоизвестные документы, и ранее в исторической литературе вообще не упоминаемые. 
606 |a Первая русская революция 1905-1907  |9 82038 
610 1 |a Россия 
610 1 |a история России 
610 1 |a Кровавое воскресенье 
610 1 |a броненосец Потемкин 
610 1 |a национальный вопрос 
610 1 |a погромы 
610 1 |a революционный терроризм 
610 1 |a финансы 
686 |a Т3(2)532  |2 rubbk 
700 1 |a Головков  |b Г. З.  |g Геннадий Захарович 
801 1 |a RU  |b 63413507  |c 20060621  |g PSBO 
801 2 |a RU  |b 63413507  |c 20061206  |g PSBO 
942 |c BK